000 01703nam a22002657a 4500
001 6372
003 FISKH
005 20250508090745.0
008 250424b cb ||||| |||| 00| 0 eng d
020 _a9781742205809
040 _aFISKH
_beng
_cFISKH
_dFISKH
050 _a G153.7
082 _a915.930444
100 _aWilliams, China
245 _aThailand /
_cThis edition written and researched by China Williams, Mark Beales , Tim Bewer, Celeste Brash, Austin Bush, David Eimer and Adam Skolnick
260 _aMelbourne :
_bLonely Planet ,
_c2014.
300 _a798 pages :
_bcolor illustrations , maps ;
_c20 cm .
490 _aLonely Planet
520 _aFriendly and fun-loving, exotic and tropical, cultured and historic, Thailand radiates a golden hue from its glittering temples and tropical beaches to the ever-comforting Thai smile. Lonely Planet will get you to the heart of Thailand, with amazing travel experiences and the best planning advice: Inspirational images, 3D illustrations, city walks and recommendations from our expert authors Planning features and top itineraries to help you plan the perfect trip Local secrets and hidden travel gems that will make your trip unique Plus a food spotter’s guide, islands and beaches planner and a responsible travel feature Coverage includes: Planning, Bangkok & around, Central Thailand, Ko Chang & East, Chiang Mai Province, Northern Thailand, Northeastern Thailand, Hua Hin & Southern Gulf, Ko Samui & Lower Gulf, Phuket & Andaman Coast, Understand
650 _aSoutheast Asia
_vNon-fiction
650 _aTravel guide
_vNon-fiction
700 _aBeales, Mark
_eIllustrator
942 _2ddc
_cBK
_n0
999 _c6372
_d6372